000
00318nam a2200169Ia 4500
100
_a
SEGAL/ERICH
650
_a
Ficiton
942
_c
BK
366
_f
20
654
_a
Class
245
_a
The Class
260
_b
Bantam Books
_c
1988
082
_a
808.83/SEG
300
_a
531
546
_a
ENGLISH
999
_c
31740
_d
31740